000
00307nam a22001337a 4500
008
180906b xxu||||| |||| 00| 0 eng d
020
_a
9780131175297
041
_a
eng
080
_2
4 ED
_a
370
100
_a
46
101
_a
EDU
245
_a
Arriba Comunication y Cultura
_c
BazanZ.E
942
_2
udc
_c
BK
999
_c
47576
_d
47576